Obálka Náhled e-knihy:
PDF Epub
Pro půjčování e-knih musíte být přihlášeni.
Jak si půjčit online?

Kočičí válečníci. Nebezpečná stezka /

Páté pokračování fantasy příběhu, kde hlavními hrdiny jsou divoké kočky, které spolu vedou neustálé spory a války. Pro starší děti a mládež.

Uloženo v:
Série:Kočičí válečníci, část 5
Hlavní autor: Hunter, Erin (Autor)
Další autoři: Petráková, Hana (Autor)
Médium: E-kniha
Jazyk:Czech
Vydáno: V Praze : Albatros, 2018
Vydání:1. vydání
Témata:
Příbuzné jednotky:Z cyklu:: Kočičí válečníci
Tagy:
Žádné tagy
LEADER 02650nam a2200541 i 4500
001 310955
003 CZ PrSKC
005 20260601215657.0
007 ta
008 180919s2018 xr c 000 f cze
015 |a cnb003037255 
020 |a 9788000051741  |q (brožováno) :  |c Kč 199,00 
035 |a (OCoLC)1065915633 
040 |a BOA001  |b cze  |e rda 
041 1 |a cze  |h eng 
072 7 |a 821.111-3  |x Anglická próza, anglicky psaná  |2 Konspekt 
072 7 |a 821-93  |x Literatura pro děti a mládež (beletrie)  |2 Konspekt 
080 |a 821.111-31  |2 MRF 
080 |a 821-93  |2 MRF 
080 |a (0:82-312.9)  |2 MRF 
100 1 |a Hunter, Erin  |7 mzk2006363422  |4 aut 
240 1 0 |a Dangerous path.  |l Česky 
245 1 0 |a Kočičí válečníci.  |p Nebezpečná stezka /  |c Erin Hunterová ; přeložila Hana Petráková 
246 3 0 |a Nebezpečná stezka 
250 |a 1. vydání 
264 1 |a V Praze :  |b Albatros,  |c 2018 
300 |a 296 stran ;  |c 21 cm 
336 |a text  |b txt  |2 rdacontent 
337 |a bez média  |b n  |2 rdamedia 
338 |a svazek  |b nc  |2 rdacarrier 
500 |a Přeloženo z angličtiny 
500 |a Na hřbetu označení svazku: 5 
520 2 |a Páté pokračování fantasy příběhu, kde hlavními hrdiny jsou divoké kočky, které spolu vedou neustálé spory a války. Pro starší děti a mládež.  |b Stínový klan si vybral za svého nového vůdce Drápa a vše nasvědčuje tomu, že se tento kočičí válečník chce pomstít klanu Hromových. Do lesa navíc proniká tajemná hrozba zvenčí a Ohnivous už přestává doufat, že se Hromovému klanu vůbec podaří si znovu naklonit přízeň hvězd... Nakladatelská anotace. 
521 8 |a Pro čtenáře od 9 let 
655 7 |a anglické romány  |7 fd131814  |2 czenas 
655 7 |a fantasy romány  |7 fd184199  |2 czenas 
655 7 |a publikace pro děti  |7 fd133156  |2 czenas 
655 9 |a English fiction  |2 eczenas 
655 9 |a fantasy novels  |2 eczenas 
655 9 |a children's literature  |2 eczenas 
700 1 |a Petráková, Hana  |7 jx20040209004  |4 trl 
787 0 8 |i Z cyklu:  |t Kočičí válečníci  |g 5 
900 |a ABA001  |b 21 
928 9 |a Albatros Media - Albatros 
044 |a xr 
910 |a RBIT002 
998 |d 179651  |a https://core.palmknihy.cz/api/books/179651/cover?skaguc  |b https://core.palmknihy.cz/api/books/179651/cover/400?skaguc  |c https://core.palmknihy.cz/api/books/179651/cover/50?skaguc  |e 2028-01-15  |g 304  |i 9788000051741  |j https://core.palmknihy.cz/api/books/179651/preview.epub  |k https://core.palmknihy.cz/api/books/179651/preview.pdf  |l   |q 49  |r 1  |s https://www.palmknihy.cz/kniha/179651  |t ebook  |y 2018  |z 0  |v Kočičí válečníci  |w 5 
999 |d 310953